LEADER 01709nam 2200385 n 450 001 996397006203316 005 20221108094813.0 035 $a(CKB)4940000000064419 035 $a(EEBO)2240915105 035 $a(UnM)9927664700971 035 $a(UnM)99825499 035 $a(EXLCZ)994940000000064419 100 $a19941005d1689 uy | 101 0 $aeng 135 $aurbn||||a|bb| 200 04$aThe speech of the Right Honourable Henry Powle, Esquire, Speaker of the House of Commons$b[electronic resource] $edelivered to the King and Queen's Majesties, at the Banqueting-House in White-Hall, Friday April 12. 1689. With His Majesty's answer thereto 210 $a[Edinburgh? $cs.n.$d1689] 215 $a1 sheet ([1] p.) 300 $aImprint from Wing. 300 $aThe London edition was published in the same year as: The speech of the Right Honourable Henry Powle, Esq; Speaker of the House of Commons. 300 $aIdentified as Wing P3113A on UMI microfilm "Early English books, 1641-1700" reel 1937. 300 $aReproduction of the original in the Henry E. Huntington Library and Art Gallery. 330 $aeebo-0113 607 $aGreat Britain$xHistory$yWilliam and Mary, 1689-1702$vEarly works to 1800 607 $aGreat Britain$xKings and rulers$xSuccession$vEarly works to 1800 700 $aPowle$b Henry$f1630-1692.$01002789 712 02$aEngland and Wales.$bSovereign (1689-1694 : William and Mary) 801 0$bCu-RivES 801 1$bCu-RivES 801 2$bCStRLIN 801 2$bWaOLN 906 $aBOOK 912 $a996397006203316 996 $aThe speech of the right honourable Henry Powle, esquire, Speaker of the House of Commons$92301731 997 $aUNISA